|
|
|
|
| LEADER |
01121nam a2200241 i 4500 |
| 003 |
GR-PaULI |
| 005 |
20220210114643.0 |
| 008 |
220210t2020 gr e|||f |||| 000 0 gre d |
| 952 |
|
|
|0 0
|1 0
|2 ddc
|4 0
|6 712_000000000000000_RIM
|7 0
|9 355924
|a ARCH
|b ARCH
|c BSC
|d 2022-02-10
|i 013902
|l 0
|o 712 RIM
|p 025000215673
|r 2022-02-10 00:00:00
|t 1
|w 2022-02-10
|y BK15
|
| 999 |
|
|
|c 208547
|d 208547
|
| 020 |
|
|
|a 9789607860415
|
| 040 |
|
|
|a GR-PaULI
|b gre
|c GR-PaULI
|e AACR2
|
| 082 |
0 |
4 |
|2 23
|a 712
|
| 100 |
1 |
|
|9 190083
|a Rimbert, Sylvie
|e συγγραφέας.
|
| 245 |
1 |
0 |
|a Αστικά τοπία /
|c Sylvie Rimbert ; μετάφραση - επιστημονική επιμέλεια: Ελένη Χανιώτου, ΕΜΠ.
|
| 260 |
|
|
|a Αθήνα :
|b Προπομπός,
|c 2020.
|
| 300 |
|
|
|a 277 σ. :
|b σχέδια ;
|c 21 εκ.
|
| 504 |
|
|
|a Περιλαμβάνει βιβλιογραφία.
|
| 650 |
|
4 |
|9 190084
|a Αστικά τοπία
|
| 700 |
1 |
|
|9 190085
|a Χανιώτου, Ελένη
|e μεταφράστρια,
|e επιμελήτρια.
|
| 765 |
0 |
8 |
|i Μετάφραση του:
|t Les paysages urbains
|
| 942 |
|
|
|2 ddc
|c BK15
|
| 998 |
|
|
|c ΒΑΣΙΛΕΙΟΥ
|d 2022-02
|